000 01221nam a22002297a 4500
005 20240705110700.0
010 _aHIN-127933
020 _c649.00
_a9788193710098
035 _aHN-100279
037 _bDBAD
082 _a370.1
245 _aपाठ्यक्रम:
_bविकास एवं ज्ञान/
_cदिव्या शर्मा, स्वाति श्रीवास्तव एवं रोली तिवारी द्वारा संपादित
250 _a1
260 _aरायपुर (छत्तीसगढ़)
_bअदिति पब्लिकेशन
_c2024
270 _aन्यू पंचजन्य विद्या मंदिर के सामने, नियर तिरंगा चौक, कुशलपुर
_bरायपुर (छत्तीसगढ़)
_k9425210308
300 _a324पृ.
_c20 सेमी. (अजिल्द)
650 _aहिन्दी
_968183
700 _aशर्मा, दिव्या
_968180
700 _aश्रीवास्तव, स्वाति
_968181
700 _aतिवारी, रोली
_968184
942 _2ddc
_cHN
_h370.1
_mपाठ्य
999 _c203980
_d203980